000 00455nam a2200181Ia 4500
001 4936
005 20260306145831.0
008 260306t2016||||xx |||||||||||||| ||spa||
041 _aESP
082 _a332
_bF36
100 _aFeld, Brad
_eAUT
245 0 _aVenture deals:
_bbe smarter than your lawyer and venture capitalist
260 _c2016
300 _axxiv, 271 páginas :
_c24 cm.
650 _aGEN
654 _aCAN
942 _cLIB
_dJUS
_fJUS
_2ddc
_n
999 _c4936
_d4936